000 00785nam a2200253Ia 4500
003 OSt
005 20220918170300.0
006 a|||||r|||| 00| 0
007 ta
008 220917b |||||||| |||| 00| 0 eng d
020 _a9780190618179 (hbk)
_cUKP 55.00
024 _a317,363
037 _b50153, 10/03/2017, Segment Book Distributors
_cTextual
040 _aARTS
_cARTS
_beng
041 _2eng
_aeng
082 _aS4, Q6
100 _aVeltman Andrea Au.
_928083
245 0 _aMeaningful work
260 _aOxford
_bOxford University Press USA
_c2016
300 _aviii,237p.
_ccm.
650 _aPSYCHOLOGY; VOCATIONAL GUIDANCE
_928084
942 _hS4, Q6
_cTEXL
_2CC
999 _c133405
_d133405